000 00440nam a2200169Ia 4500
008 230917s9999||||xx |||||||||||||| ||und||
020 _cRS 4235.00
040 _e5014936
_aMAIN
041 _aEnglish
082 _a576 S538T
100 _aSivaji, M
245 0 _aTextbook of microbiology
260 _aDelhi
_bJaya Publishing House
_c2022
300 _a631 p.
500 _a4732 10/12/2022 NPH22/00337 23/12/2022 Main Budget
942 _cBK
999 _c6808
_d6808